Central Library OPAC University of Rajshahi

যুক্তিবিদ্যা : (Record no. 85901)

MARC details
000 -LEADER
fixed length control field 00681nam a2200217 a 4500
001 - CONTROL NUMBER
control field 85901
003 - CONTROL NUMBER IDENTIFIER
rucl marc code BD-RjUL
005 - DATE AND TIME OF LATEST TRANSACTION
control field 20251030122614.0
008 - FIXED-LENGTH DATA ELEMENTS--GENERAL INFORMATION
fixed length control field 251030s bg ||||| |||| 00| 0 ben d
035 ## - SYSTEM CONTROL NUMBER
System control number (BD-RjUL)85901
040 ## - CATALOGING SOURCE
Original cataloging agency BD-RjUL
Language of cataloging eng
Transcribing agency BD-RjUL
041 ## - LANGUAGE CODE
Language code of text/sound track or separate title ben
082 ## - DEWEY DECIMAL CLASSIFICATION NUMBER
Edition number 23
Classification number 160
Author mark and year HAJ
100 ## - MAIN ENTRY--PERSONAL NAME
Personal name হামিদ, এম. এ.
9 (RLIN) 17261
245 ## - TITLE STATEMENT
Title যুক্তিবিদ্যা :
Remainder of title অবরোহ /
Statement of responsibility, etc. এম. এ. হামিদ
260 ## - PUBLICATION, DISTRIBUTION, ETC. (IMPRINT)
Name of publisher, distributor, etc. নোয়াখালি :
Date of publication, distribution, etc. পুথিঘর,
300 ## - PHYSICAL DESCRIPTION
Pagination ১৫৬ পৃ.;
Size ১৯ সেমি.
650 ## - SUBJECT ADDED ENTRY--TOPICAL TERM
Topical term or geographic name as entry element যুক্তিবিদ্যা
9 (RLIN) 1558
Topical term or geographic name as entry element Logic
942 ## - ADDED ENTRY ELEMENTS (KOHA)
Source of classification or shelving scheme Dewey Decimal Classification
Koha item type Books
Holdings
Lost status Source of classification or shelving scheme Damaged status Not for loan Collection code Permanent Location Current Location Shelving location Date acquired Total Checkouts Full call number Date last seen Copy number Koha item type
  Dewey Decimal Classification   Not For Loan Non-fiction Central Library, University of Rajshahi Central Library, University of Rajshahi Reading Room 30/10/2025   B 160 HAJ 30/10/2025 C-1 Books